| 000 | 00975nam a2200277Ia 4500 | ||
|---|---|---|---|
| 003 | OSt | ||
| 005 | 20220923225144.0 | ||
| 006 | a|||||r|||| 00| 0 | ||
| 007 | ta | ||
| 008 | 220922b |||||||| |||| 00| 0 hin d | ||
| 020 | _c390 | ||
| 024 | _a258,722 | ||
| 037 |
_b273, 15/12/2011, Vani Prakashan _cTextual |
||
| 040 |
_aARTS _cARTS _bhin |
||
| 041 |
_2hin _ahin |
||
| 082 | _aO152,1J94:g, K0;P8 | ||
| 100 | _aबच्चन सिंह | ||
| 245 | 0 | _aबिहारी का नया मूल्यांकन | |
| 246 | _aBihārī kā nayā mūlyāankana | ||
| 260 |
_aइलाहाबाद _b लोकभारती प्रकाशन _c2008 |
||
| 300 |
_a183पृ. _ccm. |
||
| 650 | _a हिन्दी कविता | ||
| 650 |
_aहिन्दी साहित्य _9156264 |
||
| 942 |
_hO152,1J94:g, K0;P8 _cTEXL _2CC |
||
| 999 |
_c376426 _d376426 |
||